[Event "Marburg op-A"]
[Site "Marburg"]
[Date "2023.10.27"]
[Round "2"]
[White "Nekhamkis, Genadi"]
[Black "Feshchenko, Diana"]
[Result "0-1"]
[WhiteElo "2083"]
[BlackElo "1385"]
[PlyCount "72"]
[EventDate "2023.10.26"]
[EventType "swiss"]
[EventRounds "7"]
[EventCountry "GER"]
[SourceTitle "CB49_2023"]
[SourceDate "2023.12.06"]
[SourceVersion "1"]
[SourceVersionDate "2023.12.06"]
[SourceQuality "1"]

1. e4 c5 2. d4 cxd4 3. c3 dxc3 4. Nxc3 Nc6 5. Bc4 e6 6. Nf3 a6 7. 0-0 Nge7 8. Bg5 h6 9. Be3 b5 10. Bb3 Bb7 11. Re1 Na5 12. Ne5 d6 13. Nd3 Nxb3 14. Qxb3 Nc6 15. Rad1 Na5 16. Qc2 Rc8 17. Qe2 Nc4 18. Bf4 Qf6 19. Qg4 Nxb2 20. Nd5 exd5 21. exd5+ Kd8 22. Nxb2 Qxb2 23. Rd2 Rc1 24. Rde2 Rxe1+ 25. Rxe1 Be7 26. Be3 Qf6 27. f4 Qg6 28. Qh3 f5 29. Bb6+ Kd7 30. Qe3 Re8 31. Rc1 Bd8 32. Qf2 Bxd5 33. g3 Qe6 34. Bxd8 Kxd8 35. Qb6+ Ke7 36. Kf2 Kf8 0-1

[Event "Oberliga Ost-B 2122"]
[Site "Germany"]
[Date "2022.07.02"]
[Round "6.7"]
[White "Nekhamkis, Genadi"]
[Black "Helmsdorf, Marius"]
[Result "1-0"]
[WhiteElo "2099"]
[BlackElo "1616"]
[PlyCount "85"]
[EventDate "2021.10.10"]
[EventType "team-tourn"]
[EventRounds "11"]
[EventCountry "GER"]
[SourceTitle "EXT 2023"]
[Source "ChessBase"]
[SourceDate "2022.10.05"]
[SourceVersion "1"]
[SourceVersionDate "2022.10.05"]
[SourceQuality "1"]
[WhiteTeam "Marburg"]
[BlackTeam "Gera"]
[WhiteTeamCountry "GER"]
[BlackTeamCountry "GER"]

1. e4 e6 2. d4 d5 3. e5 c5 4. c3 Qb6 5. Nf3 Nc6 6. a3 c4 7. Nbd2 Na5 8. h4 Bd7 9. g3 Ne7 10. Bh3 f6 11. 0-0 0-0-0 12. Re1 Re8 13. Rb1 Nec6 14. b4 cxb3 15. Nxb3 Nxb3 16. Rxb3 Qc7 17. Bf4 fxe5 18. Nxe5 Nxe5 19. Bxe5 Bd6 20. Qb1 Bxe5 21. Rxe5 Kb8 22. Rb4 Re7 23. c4 Bc8 24. Bg2 dxc4 25. Rc5 Qd7 26. Rcxc4 h6 27. Qe4 Rf8 28. Rc2 Rf5 29. Rbc4 Re8 30. g4 Rd5 31. Qe3 Rd6 32. Qe5 Rg8 33. a4 Qe7 34. a5 g5 35. h5 Rgd8 36. a6 b6 37. Qe4 Rd5 38. Rc6 Qd7 39. Qf3 Bxa6 40. Qa3 Ra5 41. Qg3+ e5 42. dxe5 Qd1+ 43. Kh2 1-0

[Event "Oberliga Ost-B 2122"]
[Site "Germany"]
[Date "2022.04.03"]
[Round "11.8"]
[White "Lukas, Anne"]
[Black "Nekhamkis, Genadi"]
[Result "0-1"]
[WhiteElo "2025"]
[BlackElo "2099"]
[PlyCount "46"]
[EventDate "2021.10.10"]
[EventType "team-tourn"]
[EventRounds "11"]
[EventCountry "GER"]
[SourceTitle "EXT 2023"]
[Source "ChessBase"]
[SourceDate "2022.10.05"]
[SourceVersion "1"]
[SourceVersionDate "2022.10.05"]
[SourceQuality "1"]
[WhiteTeam "Gernsheim"]
[BlackTeam "Marburg"]
[WhiteTeamCountry "GER"]
[BlackTeamCountry "GER"]

1. Nf3 f5 2. d3 d6 3. e4 e5 4. Nc3 Nc6 5. Be2 Nf6 6. Bg5 Be7 7. Qd2 0-0 8. 0-0-0 Nd4 9. h3 a6 10. Bxf6 Bxf6 11. Nd5 fxe4 12. Nxf6+ Qxf6 13. dxe4 Nxe2+ 14. Qxe2 Be6 15. Qe3 h6 16. Qc3 Rf7 17. Kb1 b5 18. Qa5 Qg6 19. Qe1 Qxg2 20. Nh4 Qxf2 21. Ng6 Qxe1 22. Rdxe1 Kh7 23. Reg1 Rf6 0-1

[Event "Oberliga Ost-B 1920"]
[Site "Germany"]
[Date "2019.12.07"]
[Round "4.7"]
[White "Biel, Maik"]
[Black "Nekhamkis, Genadi"]
[Result "1/2-1/2"]
[WhiteElo "2085"]
[BlackElo "2100"]
[PlyCount "33"]
[EventDate "2019.09.29"]
[EventType "team-tourn"]
[EventRounds "11"]
[EventCountry "GER"]
[SourceTitle "EXT 2021"]
[Source "ChessBase"]
[SourceDate "2020.10.23"]
[SourceVersion "1"]
[SourceVersionDate "2020.10.23"]
[SourceQuality "1"]
[WhiteTeam "Liebschwitz"]
[BlackTeam "Marburg"]
[WhiteTeamCountry "GER"]
[BlackTeamCountry "GER"]

1. d4 f5 2. c4 Nf6 3. Nc3 d6 4. g3 g6 5. Bg2 Bg7 6. d5 Nbd7 7. Nh3 Nc5 8. Nf4 a6 9. 0-0 0-0 10. Be3 g5 11. Nd3 Nxd3 12. Qxd3 h6 13. f4 Ng4 14. Bd4 Qe8 15. Bxg7 Kxg7 16. Qd4+ Kg8 17. h3 1/2-1/2

[Event "Oberliga Ost-B 1920"]
[Site "Germany"]
[Date "2019.09.29"]
[Round "1.6"]
[White "Kersten, Uwe"]
[Black "Nekhamkis, Genadi"]
[Result "1/2-1/2"]
[WhiteElo "2252"]
[BlackElo "2100"]
[PlyCount "61"]
[EventDate "2019.09.29"]
[EventType "team-tourn"]
[EventRounds "11"]
[EventCountry "GER"]
[SourceTitle "EXT 2021"]
[Source "ChessBase"]
[SourceDate "2020.10.23"]
[SourceVersion "1"]
[SourceVersionDate "2020.10.23"]
[SourceQuality "1"]
[WhiteTeam "Bad Emstal/Wolfhagen"]
[BlackTeam "Marburg"]
[WhiteTeamCountry "GER"]
[BlackTeamCountry "GER"]

1. d4 f5 2. Nc3 Nf6 3. Bg5 d5 4. Bxf6 exf6 5. e3 Be6 6. Qf3 Qd7 7. Bb5 Nc6 8. Nge2 g5 9. g3 0-0-0 10. 0-0-0 a6 11. Bd3 Nb4 12. Kb1 Nxd3 13. cxd3 Kb8 14. Qg2 h5 15. h4 Be7 16. f4 g4 17. Rd2 Rhe8 18. Nc1 Bf7 19. Nb3 Bb4 20. Qf2 b6 21. Rc2 Re7 22. Rhc1 Rc8 23. a3 Bd6 24. Nd1 Be8 25. Qd2 Qe6 26. Nc5 Bxc5 27. dxc5 Ba4 28. Rc3 Bxd1 29. Qxd1 b5 30. d4 c6 31. Qd3 1/2-1/2

[Event "Oberliga Ost-B 1819"]
[Site "Germany"]
[Date "2019.02.03"]
[Round "7.7"]
[White "Nekhamkis, Genadi"]
[Black "Koller, Jens"]
[Result "1-0"]
[WhiteElo "2129"]
[BlackElo "2200"]
[PlyCount "95"]
[EventDate "2018.10.21"]
[EventType "team-tourn"]
[EventRounds "11"]
[EventCountry "GER"]
[SourceTitle "EXT 2020"]
[Source "ChessBase"]
[SourceDate "2019.10.17"]
[SourceVersion "1"]
[SourceVersionDate "2019.10.17"]
[SourceQuality "1"]
[WhiteTeam "Marburg"]
[BlackTeam "Neuberg"]
[WhiteTeamCountry "GER"]
[BlackTeamCountry "GER"]

1. e4 c5 2. d4 cxd4 3. c3 Nf6 4. e5 Nd5 5. Bc4 Nb6 6. Bb3 d6 7. Nf3 e6 8. cxd4 Be7 9. 0-0 0-0 10. Qe2 Bd7 11. Nc3 Bc6 12. Rd1 N8d7 13. Ne4 Bxe4 14. Qxe4 d5 15. Qg4 Re8 16. Bc2 Rc8 17. Bd3 Nf8 18. h4 f5 19. Qg3 a6 20. Bh6 g6 21. h5 Nbd7 22. Kh2 Qb6 23. Rab1 Rc6 24. Rh1 Rec8 25. Kg1 Qd8 26. Be3 Qe8 27. Ng5 Bxg5 28. Bxg5 Qf7 29. Be2 Rc2 30. Bd3 R2c7 31. Rh4 Nb6 32. Be2 Rc2 33. Bd1 R2c4 34. hxg6 Qxg6 35. Rh6 Qg7 36. Qh4 Ng6 37. Qh3 Rxd4 38. Bf6 Qf7 39. Bh5 Rg4 40. Bxg4 fxg4 41. Qxg4 Nd7 42. Qg5 Rc2 43. Rh3 Nc5 44. Rc1 Ne4 45. Rxc2 Nxg5 46. Rc8+ Nf8 47. Bxg5 Qd7 48. Rd8 1-0

[Event "Oberliga Ost-B 1819"]
[Site "Germany"]
[Date "2019.02.02"]
[Round "6.7"]
[White "Raetsch, Kurt"]
[Black "Nekhamkis, Genadi"]
[Result "0-1"]
[WhiteElo "1997"]
[BlackElo "2129"]
[PlyCount "146"]
[EventDate "2018.10.21"]
[EventType "team-tourn"]
[EventRounds "11"]
[EventCountry "GER"]
[SourceTitle "EXT 2020"]
[Source "ChessBase"]
[SourceDate "2019.10.17"]
[SourceVersion "1"]
[SourceVersionDate "2019.10.17"]
[SourceQuality "1"]
[WhiteTeam "Schoeneck"]
[BlackTeam "Marburg"]
[WhiteTeamCountry "GER"]
[BlackTeamCountry "GER"]

1. b3 e5 2. Bb2 Nc6 3. d3 Nf6 4. Nd2 Bc5 5. e3 d6 6. Ngf3 0-0 7. Be2 a6 8. 0-0 Ba7 9. Rc1 Ne7 10. Ng5 Nf5 11. Nge4 Nd5 12. Kh1 Ndxe3 13. fxe3 Nxe3 14. Qe1 Nxf1 15. Nxf1 f5 16. Ned2 Be6 17. Bf3 c6 18. d4 e4 19. Nxe4 fxe4 20. Bxe4 Qf6 21. Ng3 Rae8 22. Qb4 d5 23. Bd3 Qe7 24. Qd2 Bb8 25. Re1 Qh4 26. Kg1 Bxg3 27. hxg3 Qxg3 28. Ba3 Bg4 29. Rc1 Rf6 30. Rf1 Rh6 31. Rf4 g5 32. Rf8+ Rxf8 33. Qxg5+ Rg6 34. Bxg6 Qf2+ 35. Kh1 Qf1+ 36. Kh2 Qf4+ 37. Qxf4 Rxf4 38. Kg3 Rxd4 39. Bc5 Rd2 40. Bd3 h5 41. Be3 Rd1 42. a4 Kf7 43. Kf4 Ke6 44. Bc5 Rd2 45. g3 Bd1 46. Bf5+ Kf6 47. Be3 Rh2 48. Bd4+ Kf7 49. c3 Bxb3 50. a5 Ra2 51. Bb6 Bc4 52. Ke3 Kf6 53. Bc8 Re2+ 54. Kd4 Rd2+ 55. Kc5 Rd3 56. Kb4 Rxg3 57. Bd8+ Kg6 58. Bxb7 Bb5 59. Bc8 Re3 60. Bb6 Re4+ 61. Bd4 h4 62. Kc5 Re8 63. Bd7 Rd8 64. Bh3 Kh5 65. Kb6 Rf8 66. Bd7 Rg8 67. Kc7 Rg3 68. Be5 Re3 69. Bd4 Re7 70. Bc5 Rxd7+ 71. Kxd7 h3 72. Bg1 Kg4 73. Bh2 Kf3 0-1

[Event "Frankfurt-chA"]
[Site "Frankfurt"]
[Date "2018.06.11"]
[Round "6"]
[White "Nekhamkis, Genadi"]
[Black "Stock, Juergen"]
[Result "1-0"]
[WhiteElo "1992"]
[BlackElo "1877"]
[PlyCount "47"]
[EventDate "2018.04.30"]
[EventType "swiss"]
[EventRounds "7"]
[EventCountry "GER"]
[SourceTitle "EXT 2019"]
[Source "ChessBase"]
[SourceDate "2018.10.10"]
[SourceVersion "1"]
[SourceVersionDate "2018.10.10"]
[SourceQuality "1"]

1. e4 e6 2. d4 d5 3. e5 c5 4. c3 Nc6 5. Nf3 Qb6 6. a3 Nh6 7. b4 cxd4 8. cxd4 Nf5 9. Be3 Bd7 10. Nc3 a5 11. Na4 Qd8 12. b5 Na7 13. Qb3 Nxe3 14. fxe3 Rc8 15. Bd3 Be7 16. 0-0 0-0 17. Rac1 f6 18. exf6 Bxf6 19. Nc5 b6 20. Nxd7 Qxd7 21. a4 Rc7 22. Qb1 h6 23. Ne5 Bxe5 24. Bh7+ 1-0

[Event "Hessen-chA"]
[Site "Marburg"]
[Date "2017.??.??"]
[Round "6"]
[White "Goloborodko, Dimitri"]
[Black "Nekhamkis, Genadi"]
[Result "1-0"]
[WhiteElo "2090"]
[BlackElo "2121"]
[PlyCount "57"]
[EventDate "2017.05.24"]
[EventType "swiss"]
[EventRounds "7"]
[EventCountry "GER"]
[SourceTitle "EXT 2018"]
[Source "ChessBase"]
[SourceDate "2017.10.13"]
[SourceVersion "1"]
[SourceVersionDate "2017.10.13"]
[SourceQuality "1"]

1. d4 f5 2. Nf3 Nf6 3. Bg5 e6 4. Nbd2 Be7 5. Bxf6 Bxf6 6. e4 fxe4 7. Nxe4 0-0 8. Bd3 Nc6 9. c3 d6 10. Qc2 h6 11. 0-0-0 e5 12. d5 Ne7 13. h3 c6 14. dxc6 bxc6 15. Nxd6 Be6 16. Bh7+ Kh8 17. Nf7+ Bxf7 18. Rxd8 Rfxd8 19. Be4 Rd6 20. Rd1 Rad8 21. Rxd6 Rxd6 22. Qa4 Nd5 23. g3 Be6 24. h4 Nc7 25. Qxa7 Bd8 26. Nxe5 Nb5 27. Qa8 g5 28. hxg5 hxg5 29. Nxc6 1-0

[Event "Hessen-chA"]
[Site "Marburg"]
[Date "2017.??.??"]
[Round "5"]
[White "Lesny, Florian"]
[Black "Nekhamkis, Genadi"]
[Result "0-1"]
[WhiteElo "2043"]
[BlackElo "2121"]
[PlyCount "116"]
[EventDate "2017.05.24"]
[EventType "swiss"]
[EventRounds "7"]
[EventCountry "GER"]
[SourceTitle "EXT 2018"]
[Source "ChessBase"]
[SourceDate "2017.10.13"]
[SourceVersion "1"]
[SourceVersionDate "2017.10.13"]
[SourceQuality "1"]

1. e4 d5 2. exd5 Nf6 3. d4 Bg4 4. Be2 Bxe2 5. Qxe2 Qxd5 6. Nf3 Nc6 7. c4 Qf5 8. 0-0 e6 9. Nc3 0-0-0 10. Rd1 h6 11. a3 g5 12. Be3 Ne4 13. Nxe4 Qxe4 14. Qd3 Qxd3 15. Rxd3 g4 16. Ne1 Bg7 17. Rad1 Rd7 18. b4 Rhd8 19. d5 Ne5 20. Rd4 exd5 21. cxd5 f5 22. Rc1 Kb8 23. Rcd1 Ng6 24. R4d3 Ne7 25. d6 Rxd6 26. Bf4 Rxd3 27. Rxd3 Rxd3 28. Nxd3 Nd5 29. Bd2 b6 30. Kf1 Kb7 31. Ke2 Kc6 32. Kd1 Kb5 33. Kc2 a5 34. Kb3 a4+ 35. Kc2 c5 36. bxc5 bxc5 37. Nf4 Nxf4 38. Bxf4 Kc4 39. f3 h5 40. h3 Kd5 41. hxg4 hxg4 42. fxg4 fxg4 43. Be3 Bd4 44. Bg5 Ke4 45. Bh6 c4 46. Bg5 Bc5 47. Bc1 Kd4 48. Bb2+ Ke3 49. Bc1+ Ke2 50. Kc3 Be3 51. Bb2 Kf2 52. Kxc4 Kxg2 53. Be5 Kf3 54. Kb4 Bf4 55. Bd4 g3 56. Kxa4 Be3 57. Be5 g2 58. Bh2 Kg4 0-1

[Event "Oberliga Ost-B 1617"]
[Site "Germany"]
[Date "2016.10.16"]
[Round "1.8"]
[White "Falk, Thomas"]
[Black "Nekhamkis, Genadi"]
[Result "0-1"]
[WhiteElo "2053"]
[BlackElo "2102"]
[PlyCount "72"]
[EventDate "2016.10.16"]
[EventType "team-tourn"]
[EventRounds "11"]
[EventCountry "GER"]
[SourceTitle "EXT 2018"]
[Source "ChessBase"]
[SourceDate "2017.10.13"]
[SourceVersion "1"]
[SourceVersionDate "2017.10.13"]
[SourceQuality "1"]
[WhiteTeam "Oberursel"]
[BlackTeam "Marburg"]
[WhiteTeamCountry "GER"]
[BlackTeamCountry "GER"]

1. Nf3 f5 2. d4 Nf6 3. g3 g6 4. Bg2 Bg7 5. c4 d6 6. Nc3 0-0 7. 0-0 Nc6 8. d5 Ne5 9. Nxe5 dxe5 10. Qb3 h6 11. Rd1 g5 12. Bd2 a6 13. c5 Kh8 14. Be1 Qe8 15. d6 exd6 16. cxd6 cxd6 17. Rxd6 Qh5 18. Rad1 f4 19. Nd5 Nxd5 20. Qxd5 Qxe2 21. Rd8 Bg4 22. Rxa8 Rxa8 23. f3 Be6 24. Bf1 Qxe1 25. Qxb7 Qxd1 26. Qxa8+ Bg8 27. b3 e4 28. Qxe4 Qd4+ 29. Kg2 Qxe4 30. fxe4 a5 31. gxf4 gxf4 32. Bb5 Be5 33. Bd7 Kg7 34. Kf3 Kf6 35. h4 Bf7 36. Bg4 h5 0-1

[Event "Hessen-ch Gr-A+B 65th"]
[Site "Gladenbach"]
[Date "2011.04.21"]
[Round "2"]
[White "Hein, Dieter"]
[Black "Nekhamkis, Genadi"]
[Result "1-0"]
[WhiteElo "2050"]
[BlackElo "1971"]
[PlyCount "103"]
[EventDate "2011.04.20"]
[EventType "swiss"]
[EventRounds "7"]
[EventCountry "GER"]
[SourceTitle "CBM 142 Extra"]
[Source "ChessBase"]
[SourceDate "2011.06.27"]
[SourceVersion "1"]
[SourceVersionDate "2011.06.27"]
[SourceQuality "1"]

1. d4 f5 2. c4 Nf6 3. g3 g6 4. Bg2 Bg7 5. Nh3 Nc6 6. Nc3 0-0 7. 0-0 h6 8. e3 g5 9. Rb1 a5 10. f4 g4 11. Nf2 d6 12. d5 Nb4 13. a3 Na6 14. b4 axb4 15. axb4 Bd7 16. Bd2 Qe8 17. Nd3 c6 18. b5 cxb5 19. Nxb5 Rb8 20. Nd4 Qc8 21. Qc1 Ne4 22. Bxe4 fxe4 23. Nf2 Nc5 24. Bb4 b6 25. Qd2 Qe8 26. Bxc5 bxc5 27. Ne6 Bxe6 28. dxe6 Qa4 29. Qd5 Qa2 30. Qxe4 Rb4 31. Nxg4 h5 32. Nf2 Rfb8 33. Rbc1 Rb2 34. Qg6 Rf8 35. Qxh5 Re2 36. Qf3 Qd2 37. Ng4 Rb8 38. Rfd1 Qa2 39. Rf1 Rbb2 40. Rf2 Rb1 41. Rxb1 Qxb1+ 42. Rf1 Qc2 43. Qa8+ Kh7 44. Qd5 Qg6 45. h3 Rb2 46. Rf2 Rb1+ 47. Kg2 Ra1 48. f5 Qe8 49. f6 exf6 50. Nxf6+ Bxf6 51. Rxf6 Ra7 52. Qf5+ 1-0

[Event "Hessen-ch Gr-A+B 65th"]
[Site "Gladenbach"]
[Date "2011.04.20"]
[Round "1"]
[White "Nekhamkis, Genadi"]
[Black "Haase, Reinhard"]
[Result "0-1"]
[WhiteElo "1971"]
[BlackElo "2144"]
[PlyCount "114"]
[EventDate "2011.04.20"]
[EventType "swiss"]
[EventRounds "7"]
[EventCountry "GER"]
[SourceTitle "CBM 142 Extra"]
[Source "ChessBase"]
[SourceDate "2011.06.27"]
[SourceVersion "1"]
[SourceVersionDate "2011.06.27"]
[SourceQuality "1"]

1. e4 c5 2. d4 cxd4 3. c3 g6 4. Bc4 Bg7 5. Nf3 d6 6. Bg5 Nf6 7. Qe2 dxc3 8. Nxc3 Nc6 9. h3 0-0 10. 0-0 a6 11. Rfd1 b5 12. Bb3 Qc7 13. Bxf6 Bxf6 14. Nd5 Qb8 15. Nxf6+ exf6 16. Qd2 Ne5 17. Qf4 Kg7 18. Rd2 Be6 19. Bd5 Nxf3+ 20. Qxf3 Ra7 21. Rad1 Rd8 22. Qa3 b4 23. Qa5 Rdd7 24. Bc6 Rd8 25. b3 Qc7 26. Qxc7 Rxc7 27. Rxd6 Rxd6 28. Rxd6 a5 29. f4 Kf8 30. Ba4 Rc2 31. Ra6 Rxa2 32. g4 Ra3 33. Kh2 g5 34. e5 fxe5 35. fxe5 Bxb3 36. Bxb3 Rxb3 37. Rxa5 Ke7 38. Ra6 Rb2+ 39. Kg3 b3 40. Rb6 Kd7 41. Rf6 Ke7 42. Rb6 Rb1 43. Kh2 b2 44. Kg2 Kd7 45. Rb7+ Kc6 46. Rb8 Kd5 47. Rb5+ Kd4 48. Kh2 Kd3 49. Kg2 Re1 50. Rxb2 Re2+ 51. Rxe2 Kxe2 52. h4 h6 53. h5 Ke3 54. Kg3 Ke4 55. Kf2 Kf4 56. Ke2 Kxg4 57. Ke3 Kxh5 0-1